[Event "DEN-ch MA7 Gr3"]
[Site "Koge"]
[Date "2004.04.12"]
[Round "7"]
[White "Linneboe, Rune"]
[Black "Christiansen, Erling"]
[Result "1-0"]
[WhiteElo "1900"]
[BlackElo "1893"]
[PlyCount "69"]
[EventDate "2004.04.06"]
[EventType "tourn"]
[EventRounds "7"]
[EventCountry "DEN"]
[SourceTitle "EXT 2023"]
[Source "ChessBase"]
[SourceDate "2022.10.05"]
[SourceVersion "1"]
[SourceVersionDate "2022.10.05"]
[SourceQuality "1"]

1. Nf3 f5 2. c4 Nf6 3. d4 e6 4. Bg5 Be7 5. Nc3 0-0 6. Qc2 b6 7. e3 Bb7 8. Bd3 d6 9. d5 Nxd5 10. Nxd5 exd5 11. Bxe7 Qxe7 12. Bxf5 g6 13. Bd3 c5 14. 0-0-0 Nc6 15. cxd5 Nb4 16. Qb3 Bxd5 17. Bc4 Bxc4 18. Qxc4+ d5 19. Qb3 c4 20. Qa3 a5 21. Rd4 Qf6 22. Rhd1 b5 23. Rf4 Qg7 24. Rxf8+ Qxf8 25. Kd2 Qf5 26. Ke2 g5 27. Kf1 Nd3 28. Qe7 Rf8 29. Rd2 Nxf2 30. Rxf2 h6 31. Qe5 Qd3+ 32. Kg1 b4 33. Qe6+ Kg7 34. Qe7+ Kg8 35. Qxf8+ 1-0